| 000 | 00493nam a2200193 a 4500 | ||
|---|---|---|---|
| 001 | 1777027203441 | ||
| 003 | YourLibrary | ||
| 005 | 20260424161207.0 | ||
| 008 | 260424s1997##################000#0#eng## | ||
| 020 | _a9780195120066 | ||
| 082 | 0 | 4 | _a344.73041ANN |
| 100 | 1 |
_aAnnas, George J., _eauthor. |
|
| 245 | 1 | 0 | _aStandard of Care : |
| 260 |
_bLaw of American Bioethics, _c1997. |
||
| 300 | _a308 pages | ||
| 650 | 0 | _aLaw. | |
| 942 | _cENGLISH | ||
| 040 |
_aYourLibrary _beng _cYourLibrary |
||
| 999 |
_c619850 _d619850 |
||